[Event "RUS-ch"]
[Site "Elista"]
[Date "1995.??.??"]
[Round "5"]
[White "Aseev, Konstantin N"]
[Black "Morozevich, Alexander"]
[Result "0-1"]
[WhiteElo "2530"]
[BlackElo "2630"]
[Annotator "Belov,I"]
[PlyCount "79"]
[EventDate "1995.10.??"]
[EventType "swiss"]
[EventRounds "11"]
[EventCountry "RUS"]
[SourceTitle "CBM 050"]
[Source "ChessBase"]
[SourceDate "1996.02.01"]
[SourceVersion "1"]
[SourceVersionDate "1996.02.01"]
[SourceQuality "1"]

1. d4 d5 2. c4 Nc6 3. Nf3 Bg4 4. Nc3 e6 (4... Bxf3 5. exf3 e6 6. cxd5 exd5 7.
Bb5 Bb4 8. Qa4 Qd7 9. O-O Nge7 10. Bg5 f6 11. Bd2 Bd6 12. Rfe1 O-O 13. Bd3 a6
$10 {Gurevich,M-Miles,A/Groningen/1992/1:0/49/}) 5. Bf4 (5. Bg5 Be7 (5... f6 6.
Bh4 Bb4 7. Ne5 Nxe5 8. dxe5 c6 9. cxd5 Qa5 $6 10. f3 exd5 11. fxg4 Bxc3+ 12.
bxc3 Qxc3+ 13. Kf2 Nh6 14. h3 $16 {Onishuk,A-Morozevich,A/Alushta 2/1994/1:0/
27/}) 6. Bxe7 Ngxe7 7. e3 O-O 8. Bd3 h6 9. h3 Bh5 10. O-O $14 {Onischuk,
A-Miladinovic,I/Kozhikode/1993/}) (5. cxd5 exd5 6. Bf4 Bxf3 7. gxf3 Bd6 8. Bg3
Nge7 9. e3 O-O 10. a3 f5 11. f4 Qd7 $13 {Seirawan,Y-Finegold,B/USA-ch/1994/1:0/
58/}) 5... Bb4 6. Ne5 (6. e3 Nf6 7. Rc1 Ne4 8. cxd5 Qxd5 (8... exd5) 9. Bd3
O-O-O 10. O-O Bxc3 11. bxc3 $16 {Thorsteins,K-Chaplin,E/Paris-ch/1991/1:0/20/})
6... Nxe5 7. Bxe5 Bxc3+ 8. bxc3 Nf6 9. Rb1 (9. f3 Bh5 10. e3 O-O 11. Be2 c6 12.
O-O Nd7 13. Bg3 Qa5 14. Qd2 $14) 9... O-O $1 (9... b6 10. Bxf6 Qxf6 (10... gxf6
11. f3 Bh5 12. e3 O-O 13. Be2 c5 14. O-O $16) 11. Qa4+ Kf8 12. e3 $14) 10. f3
Bh5 11. Rxb7 dxc4 (11... c5 12. e3 (12. Bxf6 Qxf6 13. e3 Rac8 14. cxd5 exd5 15.
Bd3 cxd4 16. cxd4 Rfe8 17. Kf2 Qg5 18. Re1 $14) 12... Nd7 13. Bg3 $16) 12. Qd2
(12. Rxc7 Nd5 13. Rb7 Nxc3 14. Qc2 Nd5 15. e4 Qa5+ $36) 12... Rc8 13. Rb5 (13.
e4 $2 Nxe4 14. fxe4 Qh4+ 15. Bg3 Qxe4+ $19) (13. e3 Nd7 14. Bg3 c5 $132) 13...
Bg6 (13... Nd7 $2 14. Bxg7 $16) 14. e4 c6 15. Bxf6 (15. Rb2 $5 $14) 15... Qxf6
16. Rc5 (16. Rb2 c5 $17) 16... Rb8 17. Qc2 Rb5 $1 18. Rxc6 (18. Rxc4 Rfb8 19.
Be2 Rb1+ 20. Bd1 R8b2 21. Qa4 Rxg2 $17) 18... Rfb8 19. Be2 Rb1+ 20. Bd1 Qd8 (
20... R8b2 $4 21. Rc8+ $18) (20... h5 $5) 21. O-O R8b2 22. Qa4 h5 $44 23. Rc5 (
23. Qxc4 Qg5 24. Be2 Qe3+ $19) 23... Rd2 $1 24. Be2 (24. Bc2 Rxf1+ 25. Kxf1 Qh4
$19) (24. Qxc4 Rdxd1 25. Rc8 Rxf1+ $19) 24... Rbb2 25. Re1 Rxd4 $1 26. Qa6 (26.
cxd4 Qxd4+ 27. Kf1 Qxc5 28. Qxc4 Qa3 $17) 26... Qf6 (26... Kh7 $4 27. Rc8 Qf6
28. cxd4 Qxd4+ 29. Kf1 $18) 27. Rc8+ Rd8 28. Rxd8+ Qxd8 29. Qxc4 Qd2 30. Kf1 (
30. Qc8+ Kh7 31. Kf1 Rxa2 $17) 30... Rxa2 $17 31. Qd4 Qg5 32. Rd1 Kh7 33. g3 e5
34. Qd3 a5 35. Qb1 (35. c4 f5 $17) 35... Rd2 36. Qc1 (36. Rxd2 Qxd2 37. c4 a4
38. Qa1 Qb4 39. c5 a3 40. c6 Qb2 $19) 36... Rxd1+ 37. Qxd1 Qe3 $1 38. c4 (38.
Qc2 $32 h4 39. gxh4 (39. c4 hxg3 40. hxg3 Qc5 $17) 39... Bh5 40. Kg2 a4 41. Bd1
a3 $17) 38... f5 $1 39. exf5 Bxf5 $19 40. g4 (40. g4 hxg4 41. fxg4 Be4 $19) (
40. Kg2 a4 41. Bf1 a3 42. Qa1 Qd2+ 43. Kg1 Qb2 $19) 0-1

[Event "USA-ch (Women)"]
[Site "Saint Louis"]
[Date "2009.10.12"]
[Round "8"]
[White "Krush, Irina"]
[Black "Baginskaite, Camilla"]
[Result "1-0"]
[WhiteElo "2458"]
[BlackElo "2317"]
[Annotator "Bird,C"]
[PlyCount "61"]
[EventDate "2009.10.04"]
[EventType "tourn"]
[EventRounds "9"]
[EventCountry "USA"]
[EventCategory "2"]
[SourceTitle "CBM 132 Extra"]
[Source "ChessBase"]
[SourceDate "2009.11.03"]
[SourceVersion "1"]
[SourceVersionDate "2009.11.03"]
[SourceQuality "1"]

1. d4 d5 2. c4 Nc6 3. cxd5 {Krush admitted she wasn't expecting the Chigorin
and so plays a solid line that should secure a small advantage.} Qxd5 4. e3 e5
5. Nc3 Bb4 6. Bd2 Bxc3 7. bxc3 Nf6 8. f3 O-O 9. e4 Qd6 10. d5 Ne7 11. c4 Nd7
12. Nh3 Nc5 13. Nf2 f5 14. Bb4 c6 $6 ({The commentary room did not like this
move.} 14... b6 {has been played a few times previously and looks better} 15.
Bd3 fxe4 16. Bxe4 Nf5 17. Bxf5 Bxf5 18. O-O c6 19. Re1 Rfe8 20. Qd2 Rac8 21.
Rac1 h6 22. h3 Kh7 23. Kh1 cxd5 24. cxd5 Qd7 25. Re3 Qb5 26. Kh2 Nd7 27. Ree1
a5 28. Bd6 Rxc1 29. Rxc1 Nf6 30. Rd1 Rd8 31. Bxe5 Rxd5 32. Bd4 Qc4 33. Qe3 Rd6
34. Qf4 Qe6 35. Bxf6 Rxd1 36. Nxd1 Qxf6 37. Qc7 h5 38. Nc3 h4 39. a4 Qg6 40.
Nd5 Bd3 41. Qf4 Qg3+ 42. Qxg3 {1/2-1/2 Bareev,E (2655)-Conquest, S (2585)/
Budapest}) 15. Be2 fxe4 16. O-O $1 Bf5 (16... exf3 17. Bxf3 b6 (17... cxd5 18.
Ne4 $18) 18. Ne4 $1 Qg6 19. Nxc5 bxc5 20. d6 Nf5 21. Bxc6 Rb8 22. Bxc5 $18) 17.
fxe4 Bg6 18. Nd3 b6 19. Bf3 Rfd8 20. Qe2 {With ideas of Qf2 or Qe3 putting
more pressure on c5.} cxd5 (20... Qc7 {would have kept black in the fight
longer} 21. Nxc5 bxc5 22. Ba3 Nc8 23. Rac1 {but white's position is still
dominating.}) 21. cxd5 Rac8 22. Rac1 Re8 23. Nxc5 bxc5 24. Ba3 {c5 cannot be
protected and will be attacked even further with Qc4, Qe3 or Qf2.} Qb6 25. Qc4
Bf7 26. Bg4 $1 {Just about anything wins but this move is the most deadly,
threatening both Bxc8 and Rxf7.} Qg6 27. Bxc8 Nxc8 28. Bxc5 Nb6 29. Bxb6 Qxb6+
30. Qc5 Qg6 31. Qxa7 1-0

[Event "Douglas IoM op"]
[Site "Douglas"]
[Date "2017.09.30"]
[Round "8"]
[White "Sokolov, Ivan"]
[Black "Rapport, Richard"]
[Result "0-1"]
[WhiteElo "2603"]
[BlackElo "2675"]
[Annotator "Bronznik,V"]
[PlyCount "62"]
[EventDate "2017.09.23"]
[EventType "swiss"]
[EventRounds "9"]
[EventCountry "IOM"]
[SourceTitle "CBM 181"]
[Source "ChessBase"]
[SourceDate "2017.11.10"]
[SourceVersion "1"]
[SourceVersionDate "2017.11.10"]
[SourceQuality "1"]

1. d4 d5 2. c4 Nc6 3. Nf3 Bg4 4. Nc3 e6 5. cxd5 exd5 6. Bg5 Be7 7. Bxe7 Ngxe7
8. e3 O-O 9. Be2 Qd6 10. Rc1 (10. O-O Nd8 11. Qb3 c6 12. Ne5 Bxe2 13. Nxe2 Rb8
14. Nf4 Nf5 (14... Ne6 15. Nxe6 Qxe6 16. Nd3 Nf5 17. Qc2 Nd6 $11) 15. Qc2 Nh4
16. g3 (16. b4 $5) 16... Ng6 17. Nfxg6 fxg6 18. b4 Nf7 19. Nxf7 Rxf7 20. Rab1 (
20. Qc5 $5) 20... a6 21. a4 h5 $132 {Xu,Jun (2510) - Short,N (2683)/Gibraltar
Masters 2014.}) 10... Rae8 ({Ernste Beachtung verdiente} 10... Nd8 $5 {- um
diesen Springer so schnell wie möglich nach e6 zu bringen.} {In Zusammenhang
mit 10.Rc1 sieht jetzt} 11. Nb5 {logisch aus, aber nach} Qb4+ 12. Qd2 Qxd2+ 13.
Kxd2 c6 14. Nc3 Nf5 {[%cal Yf5d6] ist die Stellung etwas ausgeglichen} {(} 15.
h3 Bxf3 16. Bxf3 Nd6 17. Be2 f5 $132 {)}) 11. O-O $146 (11. Qb3 {(Bohm,H (2435)
- Sowray,P (2330)/} f5 $5 $132) 11... Nc8 {[%cal Yc8b6,Ye8e6,Ye6h6,Ye6g6]} (
11... Nd8 $4 {geht nicht wegen} 12. Nb5 $18) (11... a6 $6 {(mit der Idee 12...
Nd8)} 12. Na4 $1 Nd8 13. Nc5 a5 14. h3 (14. Bb5 $5 c6 15. Be2 b6 $140 16. Na4 {
[%csl Rb6,Rc6]}) 14... Bxf3 15. Bxf3 b6 16. Nd3 Ne6 17. Qa4 $14 {[%csl Rc6,Rc7]
}) 12. b4 ({Eine Überlegung wert war} 12. Na4 $5 {[%cal Ya4c5]} Nd8 13. Nc5 {
, und wenn Schwarz seinen Nd8 auf e6 sehen will, muss er dafür wohl zuerst
b7-b6 spielen, wonach sich sein c-Bauer und das Feld c6 unter Umständen als
schwach erweisen könnten. In diesem Zusammenhang erinnere ich Ihnen an die
frühere Alternative 10...Nd8!?}) 12... Nb6 13. a3 Re6 {[%cal Ye6h6,Ye6g6]} 14.
h3 (14. Nd2 Bxe2 15. Nxe2 (15. Qxe2 $2 Nxd4) 15... Rh6 16. h3 Nd8 {[%cal Yd8e6]
} 17. b5 (17. Nf4 c6 18. Nd3 Ne6 $132 {[%cal Ye6g5]}) 17... Ne6 $13) (14. Nb5
Qe7 15. Rc5 a6 16. Nc3 Qd6 17. b5 axb5 18. Nxb5 Qe7 19. Qc2 (19. Nc3 Rd6 $13)
19... f5 $132) 14... Bxf3 $5 ({Nach} 14... Bh5 15. Nd2 Bxe2 16. Nxe2 {erweist
sich der Zug h2-h3 im Vergleich zur ähnlichen Variante 14.Nd2 Bxe2 15.Nxe2
Rh6 16.h3 als nützlich, weil das planmäßige Re6-h6 den weißen h-Bauern
nicht mehr bedrohen oder somit ohne Tempo geschehen würde.}) 15. Bxf3 Ne7 16.
e4 $5 (16. Nb5 Qd7 17. a4 (17. Nxc7 $2 Rc6 {verliert eine Figur}) 17... c6 18.
Nc3 Nc4 $13) 16... c6 17. e5 Qd8 $1 $13 {[%cal Yd8g5] Obwohl Weiß an beiden
Flügeln über Raumvorteil verfügt, hat Schwarz gute Gegenspielaussichten -
die wichtigste Ressource dabei ist das Anknabbern des Bauern e5 mittels f7-f6,
natürlich spielt die Schwäche des Punktes c4 auch eine große Rolle.} 18. Be2
(18. Bg4 Rh6 $13 {[%cal Yb6c4,Yf7f6]}) (18. Na4 Nxa4 19. Qxa4 Qb6 20. Qd1 Ng6 {
[%cal Yg6f4,Yg6h4]} 21. g3 (21. Bg4 f5 $1 $13) 21... f6 22. Bg4 Ree8 23. exf6
Rxf6 $13) 18... Rh6 19. b5 (19. Bd3 {(gegen Se7-f5 gerichtet und macht
gleichzeitig das Feld e2 für den eigenen Springer frei)} Nc4 (19... f6 $2 20.
Ne2 $1 fxe5 21. dxe5 Nf5 22. Qc2 Qd7 23. Qc3 $16 {[%cal Rf2f4]}) 20. a4 Ng6 (
20... Nb2 $6 21. Qe2 Nxd3 22. Qxd3 f6 23. f4 Qd7 24. b5 $14) (20... f6 21. exf6
Rhxf6 22. Bxc4 dxc4 23. Qe2 {kostet den Schwarzen einen Bauern - übrigens
verfügt er nach} Ng6 24. Qxc4+ Kh8 {[%csl Rd4][%cal Rg6f4,Rf6g6] über
beträchtliche Kompensation dafür}) 21. Bxc4 (21. Ne2 Nh4 $132) 21... dxc4 22.
f4 Ne7 23. Qd2 (23. f5 Rh4 $1 $132) 23... Nd5 24. Ne4 (24. f5 Rh4 25. Ne2 b5
$13) 24... f5 25. exf6 Nxf6 26. Nxf6+ Rhxf6 27. Rxc4 Qd6 28. b5 (28. d5 Rf5 $1
$11) 28... cxb5 29. axb5 Rxf4 30. Rxf4 Qxf4 31. Qxf4 Rxf4 $11) (19. f4 Nc4 $1
20. Rf3 (20. Bxc4 dxc4 $13 {[%cal Re7d5]}) 20... f6 $1 (20... Nxa3 $6 21. Qb3
Nc4 22. Bxc4 dxc4 23. Qxc4 $36) 21. Na4 {[%cal Ya4c5]} (21. b5 Nf5 $132) 21...
b6 22. Qc2 {[%cal Re2c4]} Kh8 $13 {/\fxe5, Rh4; /\Ne7-g6-h4}) 19... f6 $1 20.
f4 Nf5 {[%cal Rf5e3]} 21. Qd3 fxe5 22. dxe5 (22. fxe5 Qg5 $132 {[%cal Rf5e3] ,
z. B.} 23. bxc6 bxc6 24. Qf3 (24. Rce1 Ne3 25. Rxf8+ Kxf8 26. Bf3 Nbc4 27. Qb1
$1) 24... Rg6 $1 25. Bd3 Nd7 26. Bxf5 Rxf5 27. Qe2 Nf8 28. Rxf5 Qxc1+ 29. Qf1
Qxf1+ 30. Rxf1 Ne6 31. Ne2 Rg5 32. Rc1 c5 33. dxc5 Rxe5 $11) 22... Nc4 23. bxc6
bxc6 24. Nd1 Rg6 25. Bg4 Qb6+ 26. Rf2 (26. Kh2 $6 {verliert wegen} Nce3 {
einen Bauern, auch wenn Weiß nach} 27. Nxe3 Nxe3 28. Rf3 Nxg4+ 29. hxg4 Rxg4
30. g3 {ohne große Probleme Remis halten soll}) 26... Nfe3 27. Nxe3 Nxe3 28.
Rb1 Qc5 29. Bh5 (29. Bf3 Rxf4 (29... Nc4 30. Rb3) 30. Rb8+ Kf7 31. Qb3 Qc1+ 32.
Kh2 Rxg2+ $1 33. Rxg2 Nf1+ 34. Kh1 Ng3+ 35. Kh2 Nf1+ {mit Dauerschach}) 29...
Rg3 30. e6 $6 {Ein Schritt in die ungünstige Richtung.} ({Nach} 30. Bf3 {
[%cal Rg1h2,Rf2b2] (mit der Drohung 31.Kh2 nebst 32.Rfb2)} Rg6 (30... Nxg2 $2
31. Bxd5+ $1 cxd5 32. Qxg3 Nxf4 33. Kh2 $16) 31. Bh5 Rg3 32. Bf3 {hätte die
Partie mit Zugwiederholung beendet.}) (30. Kh2 $4 Ng4+ $19) 30... g6 31. Bf3 $4
{Und das ist die "Krönung".} (31. Be2 $6 h5 $5 $36 {[%csl Re6,Rf4][%cal Rh5h4]
} (31... Rxf4 $6 32. e7 Kf7 33. Qa6 Nxg2 34. e8=Q+ Kxe8 35. Qc8+ Ke7 36. Rb7+
Kf6 37. Qd8+ Ke6 38. Qe8+ Kf5 39. Rf7+ Kg5 40. Qe5+ Kh6 41. Qg7+ Kg5 42. Qe5+
$11)) (31. e7 $1 Qxe7 (31... Re8 32. Bf3 Nf5 $5 (32... Rxe7 33. Kh2 Nf5 34. Re2
$44 {[%csl Rg3]}) 33. Qc2 $1 Qxc2 34. Rxc2 Nd4 35. Rbc1 $1 Nxc2 (35... Nxf3+
36. Kf2 Nd4 37. Kxg3 Nxc2 38. Rxc2 Rxe7 39. Rxc6 $11) 36. Rxc2 Rxe7 37. Rxc6 g5
38. f5 Rxf3 39. gxf3 $11) 32. Bf3 {[%cal Rf2e2]} g5 (32... Qc5 33. Rb3 Nf5 34.
Qc3 Qxc3 35. Rxc3 Rf6 36. Rxc6 Rxc6 37. Bxd5+ Kg7 38. Bxc6 Rxa3 39. Rd2 $11)
33. f5 Qe5 34. Rc1 Rxf5 {[%cal Rf5f3]} 35. Qc3 $1 g4 (35... Qxc3 36. Rxc3 d4
37. Rxc6 $44 {/=}) 36. hxg4 Nxg4 37. Qxe5 Rxe5 38. Bxg4 Rxg4 39. Rxc6 {-
dieses Turmendspiel lässt sich trotz eines Minusbauern ohne große Probleme
halten.}) 31... Nxg2 $1 0-1

[Event "Brno-A"]
[Site "Brno"]
[Date "1995.??.??"]
[Round "6"]
[White "Kratochwil, Christian"]
[Black "Narciso Dublan, Marc"]
[Result "0-1"]
[WhiteElo "2360"]
[BlackElo "2390"]
[Annotator "Bulletin"]
[PlyCount "106"]
[EventDate "1995.??.??"]
[EventType "tourn"]
[EventRounds "9"]
[EventCountry "CZE"]
[EventCategory "4"]
[SourceTitle "EXT 1999"]
[Source "ChessBase"]
[SourceDate "1998.11.16"]
[SourceVersion "1"]
[SourceVersionDate "1998.11.16"]
[SourceQuality "1"]

1. d4 d5 2. c4 Nc6 3. Nc3 dxc4 4. Nf3 Nf6 5. e4 Bg4 6. d5 Ne5 7. Bf4 Ng6 8. Be3
e5 9. Bxc4 a6 10. h3 Bd7 11. a4 Bb4 12. Qd3 O-O 13. O-O Qe7 14. Ne2 c6 15. Bg5
h6 16. d6 Qd8 17. Bd2 Qa5 18. Bxb4 Qxb4 19. a5 Rad8 20. Rfd1 Bc8 21. Ng3 Nf4
22. Qc2 Rxd6 23. Nxe5 Be6 24. Bxe6 Nxe6 25. Nd3 Qb5 26. e5 Rxd3 27. Qxd3 Qxe5
28. Qc3 Qb5 29. b3 Nd5 30. Qc4 Nc5 31. Ra3 Re8 32. Nf5 Qb4 33. Qxb4 Nxb4 34.
Ne3 g6 35. Rd4 Ncd3 36. Ra4 c5 37. Rd6 (37. Rd7 $16) 37... Nc1 38. Ra3 Ne2+ 39.
Kh2 Nd4 40. Nd5 (40. Rd7 $18) 40... Nb5 41. Nf6+ Kf8 42. Nxe8 Kxe8 43. Rb6 Nxa3
44. Rxb7 Nb5 45. g4 Nd4 46. Kg3 Nxb3 47. Kf3 Nxa5 48. Rc7 Nac6 49. Ke2 c4 50.
f4 c3 51. Kd1 c2+ 52. Kc1 Nd4 53. Kb2 Nd3+ 0-1

[Event "Candidates f Kasparov-Smyslov +4-0=9"]
[Site "Vilnius"]
[Date "1984.04.03"]
[Round "11"]
[White "Kasparov, Garry"]
[Black "Smyslov, Vassily V"]
[Result "1/2-1/2"]
[WhiteElo "2710"]
[BlackElo "2600"]
[Annotator "ChessBase"]
[PlyCount "52"]
[EventDate "1984.03.10"]
[EventType "match"]
[EventRounds "13"]
[EventCountry "URS"]
[SourceTitle "Candidates"]
[Source "ChessBase"]
[SourceDate "1999.07.01"]
[SourceVersion "2"]
[SourceVersionDate "1999.07.01"]
[SourceQuality "1"]

1. d4 d5 2. Nf3 Nc6 3. c4 Bg4 4. cxd5 Bxf3 5. gxf3 Qxd5 6. e3 e5 7. Nc3 Bb4 8.
Bd2 Bxc3 9. bxc3 Qd6 10. Rb1 b6 11. f4 $5 exf4 12. e4 Nge7 13. Qf3 O-O 14. Bxf4
Qa3 15. Be2 $1 f5 $1 (15... Qxa2 16. O-O {/\ 17.Bc7; 17.Ra1; 17.d5}) 16. O-O
fxe4 $2 (16... Ng6 $1 17. Bxc7 Qe7 18. exf5 Qxc7 19. Qd5+ Kh8 20. fxg6 Ne7 $1
$13 {<=>}) 17. Qxe4 $16 Qxc3 18. Be3 $1 {/\ Rc1, d5} Qa3 19. Bd3 $3 $18 Qd6 (
19... g6 20. Bc4+ Kg7 21. d5 $18) (19... Nf5 20. Qe6+ $18) (19... Rf5 20. Rb5
$1 Rxb5 21. Bxb5 Qd6 22. Rc1 $18) 20. Qxh7+ Kf7 21. Rb5 $1 (21. Bc4+ Ke8 22.
Rfe1 $18) 21... Nxd4 $1 22. Qe4 $2 (22. Bxd4 Qxd4 23. Rg5 $1 $18 Ke6 (23... Rh8
24. Bc4+ $1) 24. Qh3+ Kd6 (24... Kf6 25. Rf5+ $1) 25. Be2 Nd5 26. Rxd5+ $18)
22... Rad8 $1 (22... Nxb5 23. Bc4+ Kf6 24. Qh4+ $18) (22... c5 23. Bxd4 {
/\ 24.Bc4 +-}) 23. Bxd4 (23. Rg5 Rh8) 23... Qxd4 24. Rf5+ Nxf5 25. Qxf5+ Kg8
26. Qh7+ Kf7 1/2-1/2

[Event "Reykjavik op"]
[Site "Reykjavik"]
[Date "1996.??.??"]
[Round "2"]
[White "Lyrberg, Patrik"]
[Black "Conquest, Stuart"]
[Result "0-1"]
[WhiteElo "2425"]
[BlackElo "2540"]
[Annotator "ChessBase"]
[PlyCount "36"]
[EventDate "1996.03.??"]
[EventType "swiss"]
[EventRounds "9"]
[EventCountry "ISL"]
[SourceTitle "CBM 052"]
[Source "ChessBase"]
[SourceDate "1996.06.01"]
[SourceVersion "1"]
[SourceVersionDate "1996.06.01"]
[SourceQuality "1"]

1. d4 {Gurevich,M} d5 2. c4 Nc6 3. Nf3 Bg4 4. Nc3 Bxf3 (4... e5 5. cxd5 Bxf3 6.
dxc6 Bxc6 7. d5 Bd7 8. g3 Qc8 9. Bg2 Bh3 10. Qa4+ Bd7 11. Qb3 {1-0 Hedman,
E-Ljungstrom,G/Stockholm op ;EXT 93op 1993 (31)}) 5. exf3 e6 6. Be3 (6. cxd5
exd5 7. Bb5 Bb4 8. Qa4 (8. Bxc6+ $5 {Gurevich,M} bxc6 9. O-O $14 {/\ 10.Na4
><c6,c7} Bxc3 $6 10. bxc3 Ne7 11. Ba3 O-O 12. Qa4 Re8 13. Bxe7 Rxe7 14. Qxc6
$16) 8... Qd7 $1 9. O-O Nge7 10. Bg5 $5 f6 11. Bd2 Bd6 12. Rfe1 O-O 13. Bd3 a6
14. Ne2 Ne5 (14... f5 $5 {Gurevich,M /\ 15...f4<=>} 15. f4 Ne5 $5 16. Qxd7 Nxd7
$132) 15. Qxd7 Nxd7 16. Bf4 $14 {1-0 Gurevich,M-Miles,A/Groningen (06) ;CBM 34
1992 (49)}) 6... Nge7 7. Qb3 a6 8. Qxb7 dxc4 9. Bxc4 Rb8 10. Qxa6 Rb6 11. Qa3
Nf5 12. Qa4 Bd6 13. Bb5 O-O 14. O-O Ncxd4 15. Bxd4 Nxd4 16. Rad1 c5 17. Rd3
Nxb5 18. Nxb5 Bxh2+ 0-1

[Event "Linares Anibal op 04th"]
[Site "Linares"]
[Date "1997.??.??"]
[Round "6"]
[White "San Segundo Carrillo, Pablo"]
[Black "Gallego Jimenez, Victoriano"]
[Result "1-0"]
[WhiteElo "2505"]
[BlackElo "2395"]
[Annotator "Cifuentes Parada,L"]
[PlyCount "56"]
[EventDate "1997.02.??"]
[EventType "swiss"]
[EventRounds "10"]
[EventCountry "ESP"]
[SourceTitle "CBM 058"]
[Source "ChessBase"]
[SourceDate "1997.06.01"]
[SourceVersion "1"]
[SourceVersionDate "1997.06.01"]
[SourceQuality "1"]

1. d4 d5 2. c4 Nc6 3. cxd5 Qxd5 4. e3 e5 5. Nc3 Bb4 6. Bd2 Bxc3 7. Bxc3 $5 exd4
8. Ne2 Bg4 $5 {[#]} (8... Nge7 9. Nxd4 O-O 10. Nxc6 (10. Nb5 $5 Rd8 11. Nxc7
Qc5 12. Qa4 Rb8 13. Be2 a6 14. Rd1 $1 Rxd1+ 15. Bxd1 $13) 10... Qxc6 11. Qd4
Qg6 12. Bd3 Bf5 13. Bxf5 (13. e4 Be6 14. f4 Rfd8 15. Qe3 f5 $1 (15... Qxg2 $2
16. O-O-O Qh3 $8 17. Qxh3 Bxh3 18. Rhg1 g6 19. f5 h5 20. Rg3 Bg4 21. Rd2 gxf5
22. h3 Ng6 23. hxg4 fxg4 24. Bf6 Re8 25. Rh2 Re6 26. Bc3 $18) 16. O-O Rd7 $13)
13... Nxf5 14. Qf4 Nd6 15. O-O $14 {Nikolaidis,K-Miladinovic,I/ Aegina op. 1996
}) (8... Nf6 9. Nxd4 Ne4 10. Nb5 $1 Qxd1+ 11. Rxd1 O-O 12. Nxc7 Nxc3 13. bxc3
Bg4 14. Nxa8 Bxd1 15. Kxd1 Rxa8 16. Be2 Kf8 17. Kc2 Ke7 18. Rb1 b6 19. Bf3 Rc8
20. Rb5 f6 21. Bxc6 Rxc6 22. Rd5 Ke6 23. e4 $16 {Costa,J-Baumhus,R/
Gelsenkirchen ;CBM 25 1991}) 9. f3 Bxf3 (9... Be6 10. Nxd4 Nxd4 11. Bxd4 $5 (
11. Qxd4 Qxd4 12. Bxd4 f6 13. Kf2 Ne7 14. Be2 Kf7 15. Rhc1 c6 16. b4 Nf5 17.
Bc3 Nd6 18. a4 Rhc8 19. e4 Rc7 20. Bd4 Rd7 21. Be3 $14 {Atalik,S-Miladinovic,I/
Greece 1996}) 11... f6 12. Qa4+ $1 Bd7 13. Qc2 Qc6 14. Qd2 Qd6 15. Rc1 Rc8 16.
b4 Ne7 17. Bd3 Bf5 18. e4 $1 Rd8 19. Rd1 $16) 10. gxf3 Qxf3 11. Nxd4 (11. Bxd4
$5 Nxd4 $1 (11... Qxh1 12. Bxg7 Qxh2 13. Qa4 $1 f6 14. Bxh8 O-O-O 15. Qg4+ Kb8
16. Rd1 $18) 12. Qxd4 Qxh1 13. Qxg7 O-O-O $1 (13... Qxh2 $2 14. O-O-O $1 Qh6
15. Qxh8 Qxe3+ 16. Kb1 $16) 14. Qxh8 Qxh2 15. Qg7 $8 (15. Nd4 $2 Qh4+ 16. Ke2
Nf6 17. Qg7 (17. Bh3+ Ng4 $19) 17... Ng4 $1 $19) 15... Qh4+ 16. Qg3 (16. Ng3 $2
Nh6 $1 $19) 16... Qb4+ 17. Kf2 Qxb2 18. Rc1 Qb6 $13) 11... Qxh1 12. Nxc6 Nf6 $6
(12... Qxh2 $5 13. Qg4 Nf6 14. Qxg7 $1 (14. Bxf6 gxf6 15. Qe4+ Kf8 16. Qb4+ Kg7
17. Qg4+ Kf8 18. Qb4+ $11) 14... Qh4+ 15. Kd1 Rg8 16. Qxf6 Qxf6 17. Bxf6 bxc6
18. Rc1 $14) 13. Na5 Qxh2 14. Qa4+ c6 15. O-O-O $1 (15. Nxc6 $2 Qg3+ 16. Ke2
Qh2+ $11) (15. Nxb7 $2 Qg3+ 16. Kd2 O-O 17. Qxc6 Rfe8 $1 (17... Rac8 $2 18. Qg2
$16) 18. Bd4 Ne4+ 19. Kd3 Rac8 20. Qd7 Qg6 $1 21. Ke2 $8 Rc2+ 22. Kd1 Rec8 23.
Bc3 Nxc3+ 24. bxc3 R2xc3 $19) 15... O-O 16. Bxf6 gxf6 17. Nxb7 Rab8 18. Ba6 Qe5
19. Qa3 $1 $16 Rfe8 $6 (19... Rbe8 20. Rd3 Kh8 21. Nd6 $16) 20. Rg1+ Kh8 21.
Nd6 Re7 (21... Qxe3+ $4 22. Qxe3 Rxe3 23. Nxf7# {mate}) 22. Bc4 Rg8 $2 $138 (
22... Rf8 $8 23. Rh1 $1 Rd7 24. Qd3 f5 25. Qxf5 Qxf5 26. Nxf5 $16) 23. Nxf7+ $1
$18 Rxf7 24. Rxg8+ Kxg8 25. Qxa7 Qe8 26. a4 h5 27. Kd2 h4 28. Ke2 h3 1-0